Statistics for 'Under The Sea' Lyrics

Click here to take the quiz!

General Stats

  • This quiz has been taken 475 times
  • The average score is 43 of 81

Answer Stats

Lyrics% Correct
Under the {sea}!
98%
Under the {sea}
98%
Under the {sea}
98%
Under the {sea}
98%
Under the {sea}
98%
Under the {sea}
98%
Under the {sea}
98%
Under the {sea}
98%
Under the {sea}
98%
Under the {sea}
98%
Under the {sea}
98%
Under the {sea}
98%
Under the {sea}
98%
Darling it's {better}
92%
Down where it's {wetter}
92%
{Take} {it} from me
92%
Right here on the {ocean} {floor}
89%
Just look at the {world} around you
88%
The seaweed is {always} {greener}
87%
What more is you {lookin'} for?
87%
But that is a {big} {mistake}
86%
You dream about going {up} {there}
86%
Down {here} all the fish is happy
84%
Such {wonderful} things surround you
83%
Up on the {shore} they work all day
79%
In {somebody} {else's} lake
77%
The {fish} on the land ain't happy
74%
Out in the sun they {slave} {away}
72%
Guess who's gon' be on the {plate}
69%
But fish in the {bowl} is lucky
54%
One day when the {boss} get hungry
54%
Full time to {floatin'}
53%
As off through the {waves} they roll
52%
They in for a {worser} {fate}
52%
Under the sea we off the {hook}
52%
The carp play the {harp}
51%
We what the land folks loves to {cook}
48%
The plaice play the {bass}
47%
The ray he can {play}
47%
An' oh that blowfish {blow}
45%
{Life} is the bubbles
45%
The newt play the {flute}
45%
Nobody {beat} us
44%
We got the {beat} here
44%
While we {devotin'}
43%
Under the {water}
41%
They know where it's {at}
37%
We got {no} {troubles}
37%
A lot of {sand}
36%
Each {little} slug here
36%
Each {little} snail here
36%
What do {they} got?
35%
{Fry} us and {eat} us
33%
The trout rockin' {out}
30%
That's why it's {hotter}
29%
The lings on the {strings}
29%
Since life is {sweet} here
28%
The blackfish she {sings}
28%
We got a hot {crustacean} band
28%
And they {soundin'} sharp
27%
It's {music} to me
26%
The bass play the {brass}
26%
They sad 'cause they in {their} {bowl}
26%
{Naturally}
25%
The chub play the {tub}
25%
({Yeah})
25%
Know how to {wail} here
24%
The {fluke} is the duke of soul
21%
You got to {hear} {it}
21%
In {fricassee}
20%
They get the {urge} 'n' start to {play}
20%
Even the {sturgeon} an' the {ray}
19%
Know how to {jam} here
19%
We got the {spirit}
19%
{Cuttin'} a rug here
18%
Each little {clam} here
18%
Down in the {muck} here
17%
Ya we in {luck} here
17%
The smelt and the {sprat}
16%
When the {sardine}
14%
Begin the {beguine}
11%

Score Distribution

Percentile by Number Answered

Percent of People with Each Score

Your Score History

You have not taken this quiz